[Event "Medellin Sub zt 2.3.2"]
[Site "Medellin"]
[Date "2025.04.16"]
[Round "4"]
[White "Carrillo Parra, Miguel Alfredo"]
[Black "Cordoba Roa, Angel Gabriel"]
[Result "0-1"]
[WhiteElo "2194"]
[BlackElo "2360"]
[PlyCount "47"]
[EventDate "2025.04.14"]
[EventType "swiss"]
[EventRounds "9"]
[EventCountry "COL"]
[SourceTitle "CB18_2025"]
[SourceDate "2025.04.30"]
[SourceVersion "1"]
[SourceVersionDate "2025.04.30"]
[SourceQuality "1"]

1. d4 c5 2. d5 g6 3. c4 Bg7 4. e4 d6 5. h3 e6 6. Nf3 exd5 7. exd5 Nd7 8. Be2 Ne5 9. 0-0 Nxf3+ 10. Bxf3 Ne7 11. Nc3 0-0 12. Bf4 Nf5 13. Re1 g5 14. Bh2 Bxc3 15. bxc3 Qf6 16. Qd2 Nh4 17. Be4 Qd8 18. f4 f5 19. Bd3 g4 20. Re3 h5 21. Rae1 Bd7 22. Bg3 Ng6 23. hxg4 hxg4 24. Qc2 0-1

[Event "Medellin Sub zt 2.3.2"]
[Site "Medellin"]
[Date "2025.04.16"]
[Round "5"]
[White "Zambrano Rodriguez, Aaron Jose"]
[Black "Carrillo Parra, Miguel Alfredo"]
[Result "1/2-1/2"]
[WhiteElo "2009"]
[BlackElo "2194"]
[PlyCount "113"]
[EventDate "2025.04.14"]
[EventType "swiss"]
[EventRounds "9"]
[EventCountry "COL"]
[SourceTitle "CB18_2025"]
[SourceDate "2025.04.30"]
[SourceVersion "1"]
[SourceVersionDate "2025.04.30"]
[SourceQuality "1"]

1. Nf3 d5 2. b3 Nf6 3. Bb2 Bf5 4. e3 e6 5. Be2 h6 6. c4 Be7 7. 0-0 0-0 8. Nc3 Nbd7 9. Rc1 c6 10. d4 Bd6 11. Nd2 a6 12. c5 Bc7 13. f4 Qe7 14. Nf3 Ne4 15. Nxe4 Bxe4 16. b4 f6 17. Bd3 g5 18. Bxe4 dxe4 19. Nd2 f5 20. Qh5 Kh7 21. Nxe4 fxe4 22. fxg5 Qxg5 23. Rf7+ Rxf7 24. Qxf7+ Qg7 25. Qxe6 Rg8 26. Qf5+ Kh8 27. Rc2 Rf8 28. Qxe4 Qf6 29. d5 Be5 30. Bxe5 Nxe5 31. h3 cxd5 32. Qxd5 Rd8 33. Qe4 Rd1+ 34. Kh2 Nc6 35. a4 Qe5+ 36. Qxe5+ Nxe5 37. b5 Rd7 38. bxa6 bxa6 39. Rb2 Rc7 40. Rb6 Rc6 41. Rxc6 Nxc6 42. Kg3 Kg7 43. Kf4 Kf6 44. g4 Ne5 45. Ke4 Ke6 46. Kd4 Nc6+ 47. Kc4 Ne5+ 48. Kd4 Nf3+ 49. Kc4 Ng5 50. h4 Nf3 51. g5 hxg5 52. hxg5 Nxg5 53. Kb4 Ne4 54. c6 Kd6 55. Ka5 Nc5 56. Kb6 Nxa4+ 57. Kxa6 1/2-1/2

[Event "Medellin Sub zt 2.3.2"]
[Site "Medellin"]
[Date "2025.04.14"]
[Round "1"]
[White "Duque Vasquez, David"]
[Black "Carrillo Parra, Miguel Alfredo"]
[Result "0-1"]
[WhiteElo "1850"]
[BlackElo "2194"]
[PlyCount "66"]
[EventDate "2025.04.14"]
[EventType "swiss"]
[EventRounds "9"]
[EventCountry "COL"]
[SourceTitle "CB18_2025"]
[SourceDate "2025.04.30"]
[SourceVersion "1"]
[SourceVersionDate "2025.04.30"]
[SourceQuality "1"]

1. e4 e5 2. Nf3 Nc6 3. Bb5 a6 4. Ba4 Nf6 5. 0-0 Be7 6. Re1 b5 7. Bb3 0-0 8. h3 d6 9. c3 Nb8 10. d4 Nbd7 11. Nbd2 Bb7 12. Bc2 Re8 13. Nf1 Bf8 14. Ng3 g6 15. Nh2 Bg7 16. f4 exd4 17. cxd4 c5 18. d5 c4 19. Be3 h5 20. Nf3 h4 21. Nxh4 Nxd5 22. exd5 Qxh4 23. Ne4 Bxb2 24. Rb1 Bg7 25. Bf2 Qxf4 26. Bg3 Qf5 27. Nxd6 Rxe1+ 28. Bxe1 Qxd5 29. Nxb7 Qxb7 30. Qd6 Qb6+ 31. Qxb6 Nxb6 32. Bf2 Nd5 33. Rd1 Nc3 0-1

[Event "Barranquilla op"]
[Site "Barranquilla"]
[Date "2025.02.25"]
[Round "2"]
[White "Ortiz Junco, Luis Carlos"]
[Black "Carrillo Parra, Miguel Alfredo"]
[Result "0-1"]
[WhiteElo "1754"]
[BlackElo "2188"]
[PlyCount "102"]
[EventDate "2025.02.24"]
[EventType "swiss"]
[EventRounds "8"]
[EventCountry "COL"]
[SourceTitle "CB10_2025"]
[SourceDate "2025.03.05"]
[SourceVersion "1"]
[SourceVersionDate "2025.03.05"]
[SourceQuality "1"]

1. e4 e5 2. Nf3 Nc6 3. Bc4 Nf6 4. d3 Bc5 5. c3 d6 6. 0-0 0-0 7. Nbd2 Bb6 8. h3 Ne7 9. Re1 Ng6 10. Nf1 Be6 11. Bb3 Bxb3 12. Qxb3 Nh5 13. Be3 Nhf4 14. Bxb6 axb6 15. Re3 Qd7 16. Kh2 Kh8 17. Ng3 d5 18. exd5 Rae8 19. c4 Nxg2 20. Kxg2 Nf4+ 21. Kg1 Qxh3 22. Ne1 f5 23. Qd1 Rf6 24. Nf1 Qh4 25. Qf3 Rg6+ 26. Ng3 Nh3+ 27. Kf1 Ng5 28. Qh5 Qxh5 29. Nxh5 Rh6 30. Nf4 g6 31. Nc2 Rh4 32. Ng2 Rh1+ 33. Ke2 Rh2 34. Kf1 Kg7 35. Kg1 Rh3 36. Rxh3 Nxh3+ 37. Kf1 Kf6 38. Re1 Ra8 39. a3 g5 40. Ke2 h5 41. Rh1 g4 42. f3 Re8 43. Nce3 Kg5 44. Nd1 h4 45. Nf2 Nf4+ 46. Nxf4 exf4+ 47. Kf1 Re3 48. fxg4 fxg4 49. Ne4+ Kh5 50. Nf6+ Kg5 51. Ne4+ Kf5 0-1

[Event "Cienaga op"]
[Site "Cienaga"]
[Date "2024.12.18"]
[Round "6"]
[White "Carrillo Parra, Miguel Alfredo"]
[Black "Barrientos Chavarriaga, Sergio E"]
[Result "0-1"]
[WhiteElo "2173"]
[BlackElo "2412"]
[PlyCount "96"]
[EventDate "2024.12.15"]
[EventType "swiss"]
[EventRounds "9"]
[EventCountry "COL"]
[SourceTitle "CB52_2024"]
[SourceDate "2024.12.25"]
[SourceVersion "1"]
[SourceVersionDate "2024.12.25"]
[SourceQuality "1"]

1. d4 Nf6 2. c4 g6 3. Nc3 Bg7 4. e4 d6 5. Nf3 0-0 6. h3 c5 7. d5 e6 8. Bd3 exd5 9. exd5 Re8+ 10. Be3 Rxe3+ 11. fxe3 Qe7 12. Qe2 Nbd7 13. 0-0 Nh5 14. Qf2 Ne5 15. Be2 Nxf3+ 16. Bxf3 Nf6 17. Rae1 Nd7 18. Bg4 f5 19. Bd1 Be5 20. Qd2 Bg3 21. Re2 Ne5 22. b3 Bd7 23. e4 f4 24. Rxf4 Bxf4 25. Qxf4 a6 26. Rf2 Kg7 27. Be2 b5 28. Bf1 b4 29. Nd1 a5 30. Nb2 a4 31. bxa4 Bxa4 32. Nd3 Nf7 33. h4 Bd7 34. Re2 Qf6 35. Qxf6+ Kxf6 36. Rf2+ Ke7 37. e5 Nxe5 38. Re2 Bg4 39. Re1 Rxa2 40. Nxe5 dxe5 41. Rxe5+ Kd7 42. Bd3 Rd2 43. Re3 b3 44. Be4 Re2 45. Rxb3 Rxe4 46. Rb7+ Kd6 47. Rxh7 Rxc4 48. Rh6 Bh5 0-1

[Event "Bucaramanga Santander-ch"]
[Site "Bucaramanga"]
[Date "2024.11.02"]
[Round "9"]
[White "Carrillo Parra, Miguel Alfredo"]
[Black "Luzardo Lopez, Aranza Victoria"]
[Result "1-0"]
[WhiteElo "2199"]
[BlackElo "1654"]
[PlyCount "157"]
[EventDate "2024.10.29"]
[EventType "swiss"]
[EventRounds "9"]
[EventCountry "COL"]
[SourceTitle "CB45_2024"]
[Source "ChessBase"]
[SourceDate "2024.11.06"]
[SourceVersion "1"]
[SourceVersionDate "2024.11.06"]
[SourceQuality "1"]

1. e4 d5 2. exd5 Qxd5 3. Nc3 Qa5 4. d4 c6 5. Bc4 Nf6 6. Nf3 Bf5 7. Bd2 Nbd7 8. Bb3 Qc7 9. Qe2 e6 10. Nh4 Bg6 11. 0-0-0 0-0-0 12. Nxg6 hxg6 13. h4 Bd6 14. g3 Rhe8 15. f4 Bb4 16. Kb1 Bxc3 17. Bxc3 a5 18. Qf3 b5 19. a3 a4 20. Ba2 Nd5 21. Bd2 N7b6 22. g4 Kb7 23. h5 gxh5 24. Rxh5 g6 25. Rh6 Rh8 26. Rdh1 Rxh6 27. Rxh6 Qd7 28. Rh1 Qc8 29. Rh7 Qd7 30. Bc1 Nf6 31. Rh2 Qc7 32. c3 Nfd5 33. Rh1 Qd7 34. Ka1 Re8 35. Bb1 Ne7 36. Rh7 Rf8 37. Bd2 Nc4 38. Be1 Qe8 39. Qh1 Kc8 40. Bd3 Nd5 41. Ka2 Ndb6 42. Bh4 Nd5 43. Bg3 Nf6 44. Rh4 Nd5 45. Rh6 Nce3 46. Qh3 Nf6 47. Rh4 Nfd5 48. Bf2 Nc4 49. Bxc4 bxc4 50. Qf1 Nb6 51. d5 Nxd5 52. Qxc4 Qd7 53. Qxa4 Qb7 54. c4 Nxf4 55. Bd4 Re8 56. Be3 Ng2 57. Rh3 Nxe3 58. Rxe3 Rd8 59. Rb3 Qc7 60. Qa6+ Kd7 61. Rb7 Rc8 62. Rxc7+ Rxc7 63. g5 Rc8 64. Qa7+ Rc7 65. Qd4+ Kc8 66. b4 Rd7 67. Qb6 Rc7 68. a4 e5 69. a5 e4 70. a6 e3 71. Qxe3 Kb8 72. Qb6+ Kc8 73. a7 Rxa7+ 74. Qxa7 Kd8 75. b5 cxb5 76. cxb5 Kc8 77. b6 Kd8 78. Qxf7 Kc8 79. Qc7# 1-0

[Event "Bucaramanga Santander-ch"]
[Site "Bucaramanga"]
[Date "2024.10.31"]
[Round "5"]
[White "Pilonieta Forero, Andres Felipe"]
[Black "Carrillo Parra, Miguel Alfredo"]
[Result "0-1"]
[WhiteElo "1798"]
[BlackElo "2199"]
[PlyCount "86"]
[EventDate "2024.10.29"]
[EventType "swiss"]
[EventRounds "9"]
[EventCountry "COL"]
[SourceTitle "CB45_2024"]
[Source "ChessBase"]
[SourceDate "2024.11.06"]
[SourceVersion "1"]
[SourceVersionDate "2024.11.06"]
[SourceQuality "1"]

1. e4 e5 2. Nf3 Nc6 3. Bb5 a6 4. Ba4 Nf6 5. 0-0 Be7 6. Re1 b5 7. Bb3 d6 8. c3 0-0 9. h3 Nb8 10. d4 Nbd7 11. Nbd2 Bb7 12. Bc2 Re8 13. Nf1 Bf8 14. Ng3 g6 15. b3 Bg7 16. a4 d5 17. dxe5 Nxe4 18. Nxe4 dxe4 19. Bxe4 Bxe4 20. Rxe4 Nxe5 21. Qxd8 Raxd8 22. Bf4 Nxf3+ 23. gxf3 Rxe4 24. fxe4 Bxc3 25. Rc1 b4 26. Bxc7 Rd2 27. Rb1 Re2 28. Kg2 Rxe4 29. Kf3 Rd4 30. Bb6 Rd3+ 31. Be3 Kg7 32. Ke2 Rd5 33. Rd1 Rxd1 34. Kxd1 Kf6 35. Bc5 Kg5 36. Be7+ f6 37. Ke2 Kh4 38. Kd3 Kxh3 39. Kc4 h5 40. Bxb4 Bxb4 41. Kxb4 h4 42. Ka5 Kg4 43. Kxa6 h3 0-1

[Event "COL-ch Blitz"]
[Site "Bucaramanga"]
[Date "2024.10.27"]
[Round "5.2"]
[White "Arrieta Hernandez, Cristian"]
[Black "Carrillo Parra, Miguel Alfredo"]
[Result "1-0"]
[WhiteElo "2279"]
[BlackElo "2250"]
[PlyCount "65"]
[EventDate "2024.10.27"]
[EventType "swiss (blitz)"]
[EventRounds "11"]
[EventCountry "COL"]
[SourceTitle "CB44_2024"]
[Source "Chessbase"]
[SourceDate "2024.10.30"]
[SourceVersion "1"]
[SourceVersionDate "2024.10.30"]
[SourceQuality "1"]

1. Nf3 d5 2. c4 e6 3. d4 c6 4. Nc3 dxc4 5. a4 Bb4 6. e4 b5 7. Bd2 a5 8. g4 Nf6 9. e5 Bxc3 10. bxc3 Nd5 11. h4 Nd7 12. Ng5 b4 13. Bxc4 bxc3 14. Bc1 N7b6 15. Bd3 Nb4 16. Bb1 Ba6 17. Ra3 N6d5 18. Ne4 0-0 19. Rh3 Rb8 20. h5 f6 21. exf6 Nxf6 22. Nxc3 Qd6 23. g5 Nfd5 24. Ne4 Qe7 25. Rag3 Kh8 26. g6 Nf4 27. Bxf4 Rxf4 28. h6 Rg8 29. gxh7 Rgf8 30. hxg7+ Qxg7 31. Rxg7 Kxg7 32. Qh5 Kh8 33. Qe5+ 1-0

[Event "COL-ch Blitz"]
[Site "Bucaramanga"]
[Date "2024.10.27"]
[Round "7.6"]
[White "Hurtado Paez, Andres Jesus"]
[Black "Carrillo Parra, Miguel Alfredo"]
[Result "0-1"]
[WhiteElo "1921"]
[BlackElo "2250"]
[PlyCount "58"]
[EventDate "2024.10.27"]
[EventType "swiss (blitz)"]
[EventRounds "11"]
[EventCountry "COL"]
[SourceTitle "CB44_2024"]
[Source "Chessbase"]
[SourceDate "2024.10.30"]
[SourceVersion "1"]
[SourceVersionDate "2024.10.30"]
[SourceQuality "1"]

1. e4 c5 2. Nc3 Nc6 3. f4 g6 4. Nf3 Bg7 5. Bb5 Nd4 6. Nxd4 cxd4 7. Ne2 Qb6 8. Bd3 d6 9. 0-0 Nf6 10. Kh1 0-0 11. b3 e5 12. f5 gxf5 13. exf5 e4 14. Bxe4 Nxe4 15. d3 Nf6 16. Ng3 Re8 17. Bg5 d5 18. Nh5 Bd7 19. Nxg7 Kxg7 20. Qd2 Re3 21. Qf2 h6 22. Bf4 Rae8 23. Qh4 Ng8 24. Bg3 Qf6 25. Qf4 Rxg3 26. Qxg3+ Qg5 27. Qf2 Re3 28. Rae1 Nf6 29. h3 Nh5 0-1

[Event "COL-ch Blitz"]
[Site "Bucaramanga"]
[Date "2024.10.27"]
[Round "9.9"]
[White "Suarez Pinto, Sergio Rafael"]
[Black "Carrillo Parra, Miguel Alfredo"]
[Result "0-1"]
[WhiteElo "1885"]
[BlackElo "2250"]
[PlyCount "44"]
[EventDate "2024.10.27"]
[EventType "swiss (blitz)"]
[EventRounds "11"]
[EventCountry "COL"]
[SourceTitle "CB44_2024"]
[Source "Chessbase"]
[SourceDate "2024.10.30"]
[SourceVersion "1"]
[SourceVersionDate "2024.10.30"]
[SourceQuality "1"]

1. e4 e5 2. Nf3 Nc6 3. Bb5 f5 4. d4 fxe4 5. Bxc6 dxc6 6. Nxe5 Nf6 7. 0-0 Bd6 8. Qe2 0-0 9. Nc3 Qe7 10. Nxe4 Bxe5 11. dxe5 Qxe5 12. Nxf6+ Qxf6 13. c3 Bf5 14. Be3 Qg6 15. Kh1 Bd3 16. Qd2 Rad8 17. Rg1 Rd5 18. Qe1 Be4 19. Qe2 Rh5 20. f3 Qg3 21. h3 Bxf3 22. Qc4+ Bd5 0-1

[Event "Bogota Distrito Capital op-A"]
[Site "Bogota"]
[Date "2024.09.22"]
[Round "8"]
[White "Ospina Castro, Santiago"]
[Black "Carrillo Parra, Miguel Alfredo"]
[Result "1-0"]
[WhiteElo "2106"]
[BlackElo "2193"]
[PlyCount "95"]
[EventDate "2024.09.18"]
[EventType "swiss"]
[EventRounds "9"]
[EventCountry "COL"]
[SourceTitle "EXT 2025"]
[Source "ChessBase"]
[SourceDate "2024.10.14"]
[SourceVersion "1"]
[SourceVersionDate "2024.10.14"]
[SourceQuality "1"]

1. e4 c5 2. Nf3 a6 3. c4 e6 4. Nc3 b6 5. d4 cxd4 6. Nxd4 Bb7 7. Be3 Nf6 8. f3 Qc7 9. Rc1 d6 10. Be2 Nbd7 11. 0-0 Be7 12. Qe1 Rc8 13. Qg3 0-0 14. Nd5 Qd8 15. Nxe7+ Qxe7 16. Rfd1 Rfd8 17. b4 Ne8 18. a3 Rc7 19. Qf2 Rb8 20. Nb3 Bc6 21. Rd3 Ba4 22. Rdc3 Qd8 23. Bf1 Qc8 24. Qd2 Qb7 25. Nd4 Rbc8 26. Bf2 Ne5 27. Bg3 Qa7 28. Kh1 Nf6 29. h3 h6 30. Bf2 Qb8 31. Bg3 Qa7 32. Bf2 Rd7 33. Qb2 Rdc7 34. Qd2 Rd8 35. Qb2 Be8 36. Nb3 Qb8 37. c5 bxc5 38. bxc5 dxc5 39. Bg3 Rb7 40. Bxa6 Rb6 41. Rxc5 Rxb3 42. Qxe5 Qa7 43. Qc7 Ra8 44. Qxa7 Rxa7 45. Bc4 Rbxa3 46. Rc8 Ra1 47. Rxa1 Rxa1+ 48. Kh2 1-0

[Event "Bogota Distrito Capital op-A"]
[Site "Bogota"]
[Date "2024.09.21"]
[Round "6"]
[White "Carrillo Parra, Miguel Alfredo"]
[Black "Rios Gomez, Cristhian Camilo"]
[Result "0-1"]
[WhiteElo "2193"]
[BlackElo "2455"]
[PlyCount "58"]
[EventDate "2024.09.18"]
[EventType "swiss"]
[EventRounds "9"]
[EventCountry "COL"]
[SourceTitle "EXT 2025"]
[Source "ChessBase"]
[SourceDate "2024.10.14"]
[SourceVersion "1"]
[SourceVersionDate "2024.10.14"]
[SourceQuality "1"]

1. d4 d5 2. c4 e6 3. Nc3 Nf6 4. cxd5 exd5 5. Bg5 c6 6. e3 Bd6 7. Qc2 0-0 8. Bd3 h6 9. Bh4 Re8 10. Nf3 Be6 11. Ne5 c5 12. 0-0 cxd4 13. exd4 Nc6 14. Nxc6 bxc6 15. Bg3 Bxg3 16. hxg3 Ng4 17. Qd2 h5 18. Rfe1 h4 19. Qf4 hxg3 20. Qxg3 Qb6 21. Rad1 Qxb2 22. Re2 Qb4 23. a3 Qa5 24. Rde1 Nf6 25. Re5 Bd7 26. R1e3 Qxa3 27. Rg5 Qc1+ 28. Bf1 Ng4 29. Ne2 Rxe3 0-1

[Event "American Continental 18th"]
[Site "Medellin"]
[Date "2024.06.02"]
[Round "11"]
[White "Vergara Rozas, Jose Francisco"]
[Black "Carrillo Parra, Miguel Alfredo"]
[Result "0-1"]
[WhiteElo "1977"]
[BlackElo "2251"]
[PlyCount "84"]
[EventDate "2024.05.24"]
[EventType "swiss"]
[EventRounds "11"]
[EventCountry "COL"]
[SourceTitle "CBM 220 Extra"]
[Source "ChessBase"]
[SourceDate "2024.07.31"]
[SourceVersion "1"]
[SourceVersionDate "2024.07.31"]
[SourceQuality "1"]

1. e4 e5 2. Nf3 Nc6 3. Bc4 Nf6 4. d3 h6 5. Nbd2 d6 6. c3 g5 7. h3 Bg7 8. Nf1 d5 9. exd5 Nxd5 10. Ne3 Nf4 11. h4 g4 12. Ng1 Na5 13. g3 Nxc4 14. gxf4 Nxe3 15. Bxe3 Qd5 16. Rh2 Bf5 17. Ne2 Bxd3 18. Nc1 Be4 19. Qxd5 Bxd5 20. Nd3 exf4 21. Bxf4 0-0-0 22. 0-0-0 Bf3 23. Rd2 Rhe8 24. h5 Re4 25. Bg3 f5 26. Kc2 Ra4 27. Be5 Bxe5 28. Nxe5 Be4+ 29. Kc1 Rxd2 30. Kxd2 Rxa2 31. Ke3 Rxb2 32. Kf4 a5 33. Nf7 a4 34. Nxh6 g3 35. Kxg3 a3 36. Nf7 a2 37. Kf4 a1Q 38. h6 Qc1+ 39. Ke5 Rb5+ 40. Ke6 Rb6+ 41. Ke5 Qxc3+ 42. Kf4 Re6 0-1

[Event "American Continental Rapid 18th"]
[Site "Medellin"]
[Date "2024.06.01"]
[Round "2"]
[White "Carrillo Parra, Miguel Alfredo"]
[Black "Ciro, Jose Daniel"]
[Result "1-0"]
[WhiteElo "2251"]
[BlackElo "1800"]
[PlyCount "127"]
[EventDate "2024.06.01"]
[EventType "swiss (rapid)"]
[EventRounds "9"]
[EventCountry "COL"]
[SourceTitle "CBM 220 Extra"]
[Source "ChessBase"]
[SourceDate "2024.07.31"]
[SourceVersion "1"]
[SourceVersionDate "2024.07.31"]
[SourceQuality "1"]

1. e4 e6 2. d4 d5 3. exd5 exd5 4. Nf3 Nf6 5. c4 c6 6. Nc3 h6 7. h3 Bd6 8. c5 Bc7 9. Bd3 0-0 10. Be3 Be6 11. 0-0 Nbd7 12. Re1 Re8 13. b4 b5 14. a4 a6 15. Qc2 Qb8 16. Ra3 Bf4 17. Bd2 Nh5 18. Rea1 Bxd2 19. Qxd2 Qb7 20. Qa2 Nf4 21. Bf1 Rab8 22. axb5 axb5 23. Ra7 Qc8 24. Qa5 Rb7 25. Qa6 Rxa7 26. Qxc8 Rxc8 27. Rxa7 Nf6 28. Nd2 Bf5 29. Nf3 Bd3 30. Ne5 Bxf1 31. Kxf1 Ne6 32. Ne2 Ne4 33. Nxf7 Nd2+ 34. Ke1 Nb3 35. Nd6 Rf8 36. f3 Nexd4 37. Nxd4 Nxd4 38. Kd2 Ne6 39. Ra6 Nd8 40. Ke3 Kh7 41. g4 d4+ 42. Ke4 d3 43. Ra3 Ne6 44. Rxd3 Ng5+ 45. Ke5 Nxf3+ 46. Ke6 Rf6+ 47. Ke7 Rf4 48. Rb3 Ne5 49. Ke6 Nf3 50. Kd7 Rf6 51. Rxf3 Rxf3 52. Kxc6 Rxh3 53. Kxb5 h5 54. gxh5 Rxh5 55. Kc6 g5 56. b5 g4 57. Ne4 Kg6 58. b6 Re5 59. b7 Re8 60. Kd7 Rf8 61. c6 Rf7+ 62. Kd6 Rf8 63. c7 Kf5 64. c8Q+ 1-0

[Event "American Continental Rapid 18th"]
[Site "Medellin"]
[Date "2024.06.01"]
[Round "1"]
[White "Orostegui Cardona, David Eduardo"]
[Black "Carrillo Parra, Miguel Alfredo"]
[Result "0-1"]
[WhiteElo "1822"]
[BlackElo "2251"]
[PlyCount "62"]
[EventDate "2024.06.01"]
[EventType "swiss (rapid)"]
[EventRounds "9"]
[EventCountry "COL"]
[SourceTitle "CBM 220 Extra"]
[Source "ChessBase"]
[SourceDate "2024.07.31"]
[SourceVersion "1"]
[SourceVersionDate "2024.07.31"]
[SourceQuality "1"]

1. d4 Nf6 2. Nf3 d6 3. c4 Nbd7 4. g3 e5 5. Bg2 g6 6. 0-0 Bg7 7. Nc3 0-0 8. e3 Re8 9. b3 Nf8 10. Bb2 e4 11. Nd2 Bf5 12. b4 h5 13. c5 d5 14. b5 N8h7 15. a4 Qc8 16. Ne2 Bg4 17. Qe1 Ng5 18. Nf4 Qf5 19. h4 Nf3+ 20. Nxf3 exf3 21. Bh1 Bh6 22. Qb1 Ne4 23. Qd1 Nxg3 24. fxg3 f2+ 25. Rxf2 Bxd1 26. Rxd1 Qg4 27. Rf3 Bxf4 28. exf4 Re2 29. Bc3 Rae8 30. Rdf1 Qh3 31. R1f2 Rxf2 0-1

[Event "American Continental Rapid 18th"]
[Site "Medellin"]
[Date "2024.06.01"]
[Round "8"]
[White "Ynojosa Aponte, Felix Jose"]
[Black "Carrillo Parra, Miguel Alfredo"]
[Result "1-0"]
[WhiteElo "2387"]
[BlackElo "2251"]
[PlyCount "201"]
[EventDate "2024.06.01"]
[EventType "swiss (rapid)"]
[EventRounds "9"]
[EventCountry "COL"]
[SourceTitle "CBM 220 Extra"]
[Source "ChessBase"]
[SourceDate "2024.07.31"]
[SourceVersion "1"]
[SourceVersionDate "2024.07.31"]
[SourceQuality "1"]

1. c4 e6 2. Nc3 d5 3. d4 c6 4. Nf3 dxc4 5. a4 Bb4 6. e4 b5 7. Bd2 a5 8. Qc2 Nf6 9. g4 Bb7 10. g5 Nh5 11. Be2 Nd7 12. Rg1 Qc7 13. e5 Bxc3 14. bxc3 g6 15. Bc1 Ng7 16. Ba3 Nf5 17. Nd2 b4 18. Bb2 c5 19. dxc5 b3 20. Qd1 Rd8 21. Bxc4 Nxe5 22. Bb5+ Bc6 23. Qxb3 0-0 24. 0-0-0 Bxb5 25. axb5 Nd3+ 26. Kb1 Nxf2 27. c6 Nxd1 28. Rxd1 Ne3 29. Re1 Qf4 30. c4 Qf5+ 31. Ka2 Rd3 32. Rxe3 Rxb3 33. Nxb3 a4 34. Na5 Qxg5 35. Rd3 Qc5 36. Rc3 Qb4 37. Nb7 a3 38. Rb3 Qxc4 39. Nd6 Qd5 40. Bxa3 Ra8 41. Kb2 Qd2+ 42. Kb1 Qd1+ 43. Kb2 Qd2+ 44. Kb1 Rxa3 45. Rxa3 Qxd6 46. Rc3 Qb4+ 47. Kc2 Qa4+ 48. Kc1 Qa1+ 49. Kc2 Qa4+ 50. Kc1 Qf4+ 51. Kc2 Qxh2+ 52. Kc1 Qg1+ 53. Kc2 Qf2+ 54. Kc1 Qf1+ 55. Kc2 Qe2+ 56. Kc1 Qf1+ 57. Kc2 Qf5+ 58. Kc1 Qe5 59. Kc2 Qe2+ 60. Kc1 Qe1+ 61. Kc2 Qf2+ 62. Kc1 Qg1+ 63. Kc2 Qh2+ 64. Kc1 Qf4+ 65. Kc2 Qa4+ 66. Kc1 Qa1+ 67. Kc2 Qa2+ 68. Kc1 Qa5 69. Kc2 Qc7 70. b6 Qxb6 71. c7 Qf2+ 72. Kc1 Qe1+ 73. Kc2 Qe4+ 74. Kc1 Qe1+ 75. Kc2 Qf2+ 76. Kc1 Qg1+ 77. Kc2 Qg2+ 78. Kc1 Qf1+ 79. Kc2 Qe2+ 80. Kc1 Qe1+ 81. Kc2 Qf2+ 82. Kc1 Qf4+ 83. Kc2 Qe4+ 84. Kc1 Qf4+ 85. Kc2 Qf2+ 86. Kc1 Qg1+ 87. Kc2 Qh2+ 88. Kc1 Qxc7 89. Rxc7 h5 90. Kd2 Kg7 91. Ke3 g5 92. Ke4 Kg6 93. Rc8 h4 94. Rg8+ Kh5 95. Kf3 f5 96. Re8 g4+ 97. Kf4 g3 98. Kf3 Kg5 99. Rxe6 f4 100. Re5+ Kf6 101. Rh5 1-0

[Event "American Continental Blitz 18th"]
[Site "Medellin"]
[Date "2024.05.29"]
[Round "5"]
[White "Carrillo Parra, Miguel Alfredo"]
[Black "Torres, Jorge Emilio"]
[Result "1-0"]
[WhiteElo "2251"]
[BlackElo "2002"]
[PlyCount "117"]
[EventDate "2024.05.29"]
[EventType "swiss (blitz)"]
[EventRounds "9"]
[EventCountry "COL"]
[SourceTitle "CBM 220 Extra"]
[Source "ChessBase"]
[SourceDate "2024.07.31"]
[SourceVersion "1"]
[SourceVersionDate "2024.07.31"]
[SourceQuality "1"]

1. d4 d5 2. c4 e6 3. Nc3 Nf6 4. cxd5 exd5 5. Bg5 c6 6. e3 Be7 7. Bd3 0-0 8. Qc2 h6 9. Bh4 Na6 10. a3 Nc7 11. Nge2 Re8 12. f3 Bd6 13. Bf2 a5 14. 0-0 Ne6 15. Kh1 Bd7 16. Bg1 Ng5 17. e4 dxe4 18. fxe4 Bc7 19. e5 Nd5 20. Nxd5 cxd5 21. Ng3 Bc6 22. Rad1 Rc8 23. Qe2 a4 24. Qh5 Rf8 25. Be3 Ne4 26. Nf5 Be8 27. Nxg7 f5 28. Nxe8 Qxe8 29. Qxe8 Rcxe8 30. Bxh6 Rf7 31. Bf4 Rh7 32. Bb5 Re6 33. Bxa4 Bb6 34. Bb3 Rd7 35. Be3 Rg6 36. Rxf5 Kh7 37. Rdf1 Bd8 38. Rf7+ Rg7 39. Rxg7+ Kxg7 40. g3 Bb6 41. Kg2 Rd8 42. h4 Rd7 43. g4 Ba5 44. g5 Nd2 45. Bxd2 Bxd2 46. Kg3 Be3 47. Rd1 Kg6 48. Kg4 b5 49. h5+ Kg7 50. h6+ Kg6 51. Bc2+ Kf7 52. g6+ Kf8 53. g7+ Kg8 54. Kh5 Rf7 55. e6 Rf2 56. h7+ Kxg7 57. Rg1+ Kf6 58. h8Q+ Kxe6 59. Rg6+ 1-0

[Event "American Continental Blitz 18th"]
[Site "Medellin"]
[Date "2024.05.29"]
[Round "2"]
[White "Cifuentes Camacho, Miguel Angel"]
[Black "Carrillo Parra, Miguel Alfredo"]
[Result "0-1"]
[WhiteElo "1830"]
[BlackElo "2251"]
[PlyCount "94"]
[EventDate "2024.05.29"]
[EventType "swiss (blitz)"]
[EventRounds "9"]
[EventCountry "COL"]
[SourceTitle "CBM 220 Extra"]
[Source "ChessBase"]
[SourceDate "2024.07.31"]
[SourceVersion "1"]
[SourceVersionDate "2024.07.31"]
[SourceQuality "1"]

1. e4 e5 2. Nf3 Nc6 3. Bc4 Nf6 4. d3 h6 5. 0-0 d6 6. c3 g5 7. d4 g4 8. Ne1 Qe7 9. Bb5 Bd7 10. d5 Nb8 11. Bxd7+ Nbxd7 12. Qd3 Nc5 13. Qb5+ Qd7 14. Qxd7+ Kxd7 15. f3 gxf3 16. gxf3 a5 17. Be3 Rg8+ 18. Kf2 b6 19. Nd2 Be7 20. Bxc5 bxc5 21. Nd3 a4 22. Rg1 Nh5 23. Nc4 Bh4+ 24. Ke2 Bg5 25. Rg4 f5 26. exf5 Nf6 27. Rgg1 Nxd5 28. Raf1 Rgf8 29. Rg4 Rxf5 30. h4 Be7 31. Rg6 h5 32. Rg7 a3 33. bxa3 Nxc3+ 34. Ke3 Nb5 35. a4 Rxa4 36. Ncxe5+ Rxe5+ 37. Nxe5+ dxe5 38. Rd1+ Nd6 39. Rh7 Rxh4 40. Rd5 Ke6 41. Rxc5 Nf5+ 42. Kd3 Bxc5 43. Rxc7 Bd6 44. Rh7 Kd5 45. a4 Rxa4 46. Rxh5 Ra3+ 47. Ke2 Ng3+ 0-1

[Event "American Continental Blitz 18th"]
[Site "Medellin"]
[Date "2024.05.29"]
[Round "6"]
[White "Jimenez Garcia, Emanuel"]
[Black "Carrillo Parra, Miguel Alfredo"]
[Result "0-1"]
[WhiteElo "2387"]
[BlackElo "2251"]
[PlyCount "76"]
[EventDate "2024.05.29"]
[EventType "swiss (blitz)"]
[EventRounds "9"]
[EventCountry "COL"]
[SourceTitle "CBM 220 Extra"]
[Source "ChessBase"]
[SourceDate "2024.07.31"]
[SourceVersion "1"]
[SourceVersionDate "2024.07.31"]
[SourceQuality "1"]

1. Nf3 d5 2. g3 Bf5 3. Bg2 e6 4. 0-0 Nf6 5. d3 Be7 6. Nc3 h6 7. Nd2 0-0 8. e4 Bh7 9. Kh1 c6 10. f4 Na6 11. Qe2 Nb4 12. Nf3 a5 13. a3 Na6 14. h3 Nc5 15. Ne5 Nfd7 16. Ng4 f5 17. Nf2 Bf6 18. e5 Be7 19. d4 Ne4 20. Ncxe4 dxe4 21. Rd1 b5 22. a4 b4 23. c4 bxc3 24. bxc3 Rb8 25. Qc4 Kh8 26. Qxe6 Rc8 27. Qa2 Bg8 28. Qe2 Nb6 29. g4 Bc4 30. Qe1 Bh4 31. gxf5 Nd5 32. Bxe4 Bg3 33. Qg1 Qh4 34. Rd2 Nxf4 35. Bg2 Rxf5 36. Ne4 Nxh3 37. Bxh3 Qxh3+ 38. Rh2 Bxh2 0-1